Регионална библиотека "Любен Каравелов" - Русе

Провинцията на човека (Запис номер 50817)

MARC детайли
000 -Лидер
Контролно поле с фиксирана дължина 01632nam a2200373 c 4500
003 - Код на организацията, давaща контролен номер
Контролно поле BLK
005 - Дата и час на последна редакция
Контролно поле 20250715125227.0
008 - Елементи от данни с фиксирана дължина
fixed length control field 180408b bul|||||r ||||||| ||bul||
010 ## - Наследен системен номер
LC control number KNG00054699000
040 ## - Източник на каталожния запис
Идентификатор на билиотеката - собственик на записа BLK
041 ## - Код за език
Код за езика на текст/звукозапис или на отделно заглавие Български
Код за езика КДБФ Български
080 ## - УДК
Текстов определител УДК Австрийска литература
УДК код - определител по УДК 821.112(436)
УДК определител -8
УДК - код + определител 821.112(436)-8
100 ## - Редна дума - Автор
Автор Канети, Елиас
Дати, свързани с автора 1905 - 1994
Автор - информация (биография) Австрийски писател - нобелист, роден в Русе
Авторска отговорност първи автор
R(LIN) 367554
139 ## - Редно поле
Редна дума Канети, Елиас
Авторски знак Канг - К 25
245 10 - Сведения за заглавието
Заглавие Провинцията на човека
Подзаглавни данни Записки
Редно поле (дума) Елиас Канети; състав. и прев. Елена Попова; предг. от Вера Ганчева.
257 ## - Страна на издаване
Страна на създаване/издаване Австрия
260 ## - Област на издателските данни
Име на издателя, разпространителя и проч. Нар. култура
Година на издаване 1981
300 ## - Физическа характеристика
Страници 231 с.
Размери/Мащаб 17 см
380 ## - Жанр
Жанр Худож. лит.
490 1# - СЕРИИ (Колекции)
Име на серия Библиотека Панорама
№: серия 143
490 1# - СЕРИИ (Колекции)
Име на серия Серия Проза
№: серия 110
500 ## - Общи забележки
Забележка Ориг. загл. Die Provinz des Menschen. - 10 125 тир. Съдържа и Елиас Канети - живот в дати ; За автора / Йоханес Едфелт ; Прев. от швед. Вера Ганчева.
653 ## - Ключова дума – ненормативна
Ключова дума записки
700 1# - Други автори (авторска отговорност)
Лично име Попова, Елена
Автороска отговорност (Описва отношението между автора и произведението) състав. и прев.
9 (RLIN) 368538
700 1# - Други автори (авторска отговорност)
Лично име Ганчева, Вера Лалева
9 (RLIN) 51206
852 ## - Местоположение
Форматна сигнатура Цб І 19097
852 ## - Местоположение
Форматна сигнатура К 821/К 25 Е
856 4# - Електронен адрес и достъп
Електронен формат pdf - файл
856 4# - Електронен адрес и достъп
Електронен формат pdf - файл
999 ## - СИСТЕМНИ КОНТРОЛНИ НОМЕРА
Koha biblionumber 50817
Koha biblioitemnumber 50817
942 ## - АРТИКУЛИ
Вид на библиотечния материал Книги
Скрит в OPAC Не
Koha issues (borrowed), all copies 2
Периодичен библиозапис Да
944 ## - СЪЗДАВАНЕ И РЕДАКЦИЯ на ЗАПИСА
Създаване/Редакция Създаване
Дата на регистрацията/редакция 13.07.2005
Статус, дата на статуса Валя Йорданова
Служител, извършил регистрацията/редакцията 30558
944 ## - СЪЗДАВАНЕ И РЕДАКЦИЯ на ЗАПИСА
Създаване/Редакция Редакция
Дата на регистрацията/редакция 12.08.2011
Статус, дата на статуса ф /
999 ## - СИСТЕМНИ КОНТРОЛНИ НОМЕРА
Koha biblioitemnumber 50817
Наличности
Код за отписване Код за изгубен артикул Източник на класификационната схема Код за повреда Коз за рестрикции Код за отдаване Артикулен № Име на библиотеката - собственик Име на библиотеката, в която се намира в момента Статус (Текущо местоположение) Дата на вписване в системата Местоположение - отдел Цена в лева Инвентарен номер Систематично азбучна сигнатура Баркод Номер на екземпляра Цена в евро Служебна бележка Служебен тип на артикула
Изтеглен Не е изгубен Universal Decimal Classification Не е повреден без рестрикции заемане за дома 79656 Регионална библиотека "Любен Каравелов" Русе Регионална библиотека "Любен Каравелов" Русе Заемна - подръчен фонд 1981-01-01 Заемна - подръчен фонд 0.80 335345 П 830-8/К 25 335345 1 0.41 Дост: Pk Вид: Ф N: стар фонд Дата: 01.01.1981 Книги
Изтеглен Не е изгубен Universal Decimal Classification Не е повреден без рестрикции заемане за дома 79657 Регионална библиотека "Любен Каравелов" Русе Регионална библиотека "Любен Каравелов" Русе Заемна - подръчен фонд 1981-01-01 Заемна - подръчен фонд 0.80 335346 П 830-8/К 25 335346 2 0.41 Дост: Pk Вид: Ф N: стар фонд Дата: 01.01.1981 Книги
Изтеглен Не е изгубен Universal Decimal Classification Не е повреден без рестрикции заемане за дома 79658 Регионална библиотека "Любен Каравелов" Русе Регионална библиотека "Любен Каравелов" Русе Заемна - подръчен фонд 1981-01-01 Заемна - подръчен фонд 0.80 335347 П 830-8/К 25 335347 3 0.41 Дост: Pk Вид: Ф N: стар фонд Дата: 01.01.1981 Книги
Изтеглен Не е изгубен Universal Decimal Classification Не е повреден без рестрикции заемане за дома 79659 Регионална библиотека "Любен Каравелов" Русе Регионална библиотека "Любен Каравелов" Русе Заемна - подръчен фонд 1981-01-01 Заемна - подръчен фонд 0.80 335348 П 830-8/К 25 335348 4 0.41 Дост: Pk Вид: Ф N: стар фонд Дата: 01.01.1981 Книги
Изтеглен Не е изгубен Universal Decimal Classification Не е повреден без рестрикции заемане за дома 79660 Регионална библиотека "Любен Каравелов" Русе Регионална библиотека "Любен Каравелов" Русе Заемна - подръчен фонд 1981-01-01 Заемна - подръчен фонд 0.80 336137 П 830-8/К 25 336137 5 0.41 Дост: Pk Вид: Ф N: стар фонд Дата: 01.01.1981 Книги
  Не е изгубен Universal Decimal Classification Не е повреден без рестрикции ползва се в читалня 79661 Регионална библиотека "Любен Каравелов" Русе Регионална библиотека "Любен Каравелов" Русе Краезнание 1981-01-01 Краезнание 0.80 335350 К 821/К 25 Е 120000335350 6 0.41 Дост: Pk Вид: Ф N: стар фонд Дата: 01.01.1981 Дата инв: 08.11.2017 Бележки инв: К2017 Книги
  Не е изгубен Universal Decimal Classification Не е повреден само за читалня ползва се в читалня 79662 Регионална библиотека "Любен Каравелов" Русе Регионална библиотека "Любен Каравелов" Русе Хранилище 1981-01-01 Хранилище 0.80 335876 Цб І 19097 120000335876 7 0.41 Дост: Dp Вид: Д N: стар фонд Дата: 01.01.1981 Книги
Изтеглен Не е изгубен Universal Decimal Classification Не е повреден без рестрикции заемане за дома 79663 Регионална библиотека "Любен Каравелов" Русе Регионална библиотека "Любен Каравелов" Русе Заемна - подръчен фонд 2011-07-21 Заемна - подръчен фонд 3.00 120000752181 П 830-8/К 25 120000752181 8 1.53 Дост: DA Вид: А N: 12 Дата: 21.07.2011 Книги
Vip Innovations Ltd, Rousse, Bulgaria 2025